| 000 | 00667nam a2200241Ia 4500 | ||
|---|---|---|---|
| 003 | OSt | ||
| 005 | 20221006144830.0 | ||
| 006 | a|||||r|||| 00| 0 | ||
| 007 | ta | ||
| 008 | 221006b |||||||| |||| 00| 0 eng d | ||
| 020 | _cP4.50 | ||
| 024 | _a12,874 | ||
| 037 | _cTextual | ||
| 040 |
_aEASL _cEASL _beng |
||
| 041 |
_2eng _aeng |
||
| 082 | _av41:191(zQ).N75, L7 | ||
| 100 |
_aDUNCANSON Dennis J _9287299 |
||
| 245 | 0 | _aPeacetime strategy of the Chinese peoples republic | |
| 260 |
_aLondon _bEastern Press _c1977 |
||
| 300 |
_a34p. _ccm. |
||
| 942 |
_hv41:191(zQ).N75, L7 _cTEXL _2CC |
||
| 999 |
_c1080960 _d1080960 |
||